000 00487nam a2200157Ia 4500
005 20260121165310.0
008 260121s9999 xx 000 0 und d
041 _amar
082 _a954.84
100 _aमांडके, शशिकांत
245 _aहैद्राबाद मुक्त
250 _a1
260 _bभारतीय विचार साधना पुणे
_c2012
300 _a108
650 _aभारतीय इतिहास
_9216394
999 _c369968
_d369968